[Event "Palma de Mallorca op U2200"]
[Site "Palma de Mallorca"]
[Date "2013.01.19"]
[Round "8"]
[White "Cristea, Adrian"]
[Black "Alemany Ramon, Angel"]
[Result "1-0"]
[WhiteElo "1582"]
[BlackElo "1394"]
[PlyCount "63"]
[EventDate "2013.01.12"]
[EventType "swiss"]
[EventRounds "9"]
[EventCountry "ESP"]
[SourceTitle "EXT 2014"]
[Source "ChessBase"]
[SourceDate "2013.11.20"]
[SourceVersion "1"]
[SourceVersionDate "2013.11.20"]
[SourceQuality "1"]

1. d4 Nf6 2. c4 g6 3. Nc3 Bg7 4. e4 d6 5. Be2 0-0 6. Nf3 Nbd7 7. h3 c6 8. Be3 Qa5 9. 0-0 e5 10. d5 c5 11. Nh2 a6 12. Bd2 Qd8 13. a3 b6 14. Rb1 Re8 15. Bd3 Nh5 16. Ne2 Nf8 17. b4 Bd7 18. f4 exf4 19. Rf3 g5 20. Qc2 f5 21. exf5 Bxf5 22. Re1 Rxe2 23. Rxe2 Bd4+ 24. Kf1 Ng3+ 25. Rxg3 fxg3 26. Nf3 Qf6 27. Bxf5 h6 28. Qe4 Be5 29. Nxe5 dxe5 30. Qf3 Re8 31. Bg4 e4 32. Qxf6 1-0

[Event "Palma de Mallorca op U2200"]
[Site "Palma de Mallorca"]
[Date "2013.01.16"]
[Round "5"]
[White "Rossello Sanchez, Bartolome"]
[Black "Cristea, Adrian"]
[Result "0-1"]
[WhiteElo "1345"]
[BlackElo "1582"]
[PlyCount "66"]
[EventDate "2013.01.12"]
[EventType "swiss"]
[EventRounds "9"]
[EventCountry "ESP"]
[SourceTitle "EXT 2014"]
[Source "ChessBase"]
[SourceDate "2013.11.20"]
[SourceVersion "1"]
[SourceVersionDate "2013.11.20"]
[SourceQuality "1"]

1. d4 d5 2. e3 c5 3. Nf3 e6 4. c4 Nf6 5. Bd3 Nc6 6. a3 h6 7. h3 Bd6 8. Nc3 0-0 9. Qe2 Re8 10. Bc2 dxc4 11. Qxc4 cxd4 12. exd4 e5 13. d5 Nd4 14. Bd1 b5 15. Qa2 b4 16. Ne2 bxa3 17. bxa3 Nxf3+ 18. gxf3 Qa5+ 19. Bd2 Qxd5 20. Qxd5 Nxd5 21. Bb3 Nf4 22. h4 Ba6 23. Nc1 e4 24. Bxf4 Bxf4 25. Bd1 Rad8 26. Ne2 Bd2+ 27. Kf1 exf3 28. Rh3 Rxe2 29. Rxf3 Re1+ 30. Kg2 Bb7 31. Rb1 Be4 32. Kh2 Rxd1 33. Rxd1 Bxf3 0-1

[Event "Mallorca-chT Primera"]
[Site "Palma de Mallorca"]
[Date "2012.03.03"]
[Round "5.3"]
[White "Perez Garcia, Miguel"]
[Black "Cristea, Adrian"]
[Result "1-0"]
[WhiteElo "1799"]
[BlackElo "1606"]
[PlyCount "79"]
[EventDate "2012.01.28"]
[EventType "team"]
[EventRounds "9"]
[EventCountry "ESP"]
[SourceTitle "EXT 2014"]
[Source "ChessBase"]
[SourceDate "2013.11.20"]
[SourceVersion "1"]
[SourceVersionDate "2013.11.20"]
[SourceQuality "1"]

1. Nf3 d5 2. c4 e6 3. e3 Nf6 4. Nc3 Be7 5. Bd3 Na6 6. cxd5 Nxd5 7. Bxa6 bxa6 8. Qa4+ Bd7 9. Qg4 Nb4 10. 0-0 h5 11. Qc4 Rb8 12. Ne5 Bb5 13. Nxb5 axb5 14. Qf4 0-0 15. Qe4 f5 16. Qf3 Qe8 17. a3 Nd5 18. b4 g5 19. g3 g4 20. Qe2 Bd6 21. Bb2 Nf6 22. Rac1 Nh7 23. f4 Bxe5 24. Bxe5 Rf7 25. Bxc7 Nf6 26. Bxb8 Qxb8 27. Rc6 Qb7 28. Rfc1 Re7 29. d3 a6 30. e4 Qa7+ 31. Kh1 fxe4 32. R1c5 Kf7 33. dxe4 Qd7 34. e5 Nd5 35. Rd6 Qb7 36. Kg1 Rc7 37. Qc2 Rxc5 38. Qh7+ Ke8 39. Qg8+ Ke7 40. Qxe6+ 1-0

[Event "Mallorca-chC"]
[Site "Palma de Mallorca"]
[Date "2011.11.19"]
[Round "5"]
[White "Cristea, Adrian"]
[Black "Nadal Tur, Antonio"]
[Result "1-0"]
[WhiteElo "1608"]
[BlackElo "1689"]
[PlyCount "81"]
[EventDate "2011.10.29"]
[EventType "swiss"]
[EventRounds "8"]
[EventCountry "ESP"]
[SourceTitle "EXT 2017"]
[Source "ChessBase"]
[SourceDate "2016.10.25"]
[SourceVersion "1"]
[SourceVersionDate "2016.10.25"]
[SourceQuality "1"]

1. c4 Nf6 2. d4 e6 3. Nc3 d5 4. e3 c6 5. c5 Nbd7 6. Bd3 e5 7. Nge2 e4 8. Bb1 Be7 9. b4 Nf8 10. h3 Ne6 11. a4 Bd7 12. Ba2 0-0 13. Bb2 h6 14. Qc2 Nh7 15. 0-0-0 f5 16. g4 fxg4 17. hxg4 Rxf2 18. Rdf1 Rxf1+ 19. Rxf1 Neg5 20. Nf4 Nf6 21. Ng6 Nxg4 22. Nxd5 cxd5 23. Bxd5+ Be6 24. Bxe6+ Nxe6 25. Qxe4 Qd7 26. d5 Bg5 27. dxe6 Qxa4 28. e7 Nf6 29. Rxf6 Bxf6 30. Qe6+ Kh7 31. Nf8+ Kh8 32. Bxf6 Qe8 33. Be5 Qh5 34. Ng6+ Kh7 35. e8Q Rxe8 36. Qxe8 Qh1+ 37. Kb2 Qg2+ 38. Ka3 Qc2 39. Nf8+ Kg8 40. Qe6+ Kh8 41. Qxh6+ 1-0

[Event "Mallorca-chC"]
[Site "Palma de Mallorca"]
[Date "2011.10.29"]
[Round "1"]
[White "Ramon Sanchez Campins, Pedro"]
[Black "Cristea, Adrian"]
[Result "1-0"]
[WhiteElo "1783"]
[BlackElo "1608"]
[PlyCount "125"]
[EventDate "2011.10.29"]
[EventType "swiss"]
[EventRounds "8"]
[EventCountry "ESP"]
[SourceTitle "EXT 2017"]
[Source "ChessBase"]
[SourceDate "2016.10.25"]
[SourceVersion "1"]
[SourceVersionDate "2016.10.25"]
[SourceQuality "1"]

1. d4 d5 2. Nf3 Nc6 3. Bf4 Bf5 4. c3 e6 5. e3 a6 6. Be2 Bd6 7. Bg3 Nf6 8. Nbd2 0-0 9. Bxd6 Qxd6 10. Nh4 Bg6 11. Nxg6 fxg6 12. 0-0 e5 13. f4 e4 14. c4 Ne7 15. Qb3 c6 16. g4 h6 17. Rf2 Rab8 18. Rg2 Kh8 19. Rf1 b5 20. c5 Qc7 21. g5 Nh7 22. gxh6 gxh6 23. Kh1 h5 24. Rfg1 Rg8 25. Nf1 h4 26. Bg4 Rg7 27. Be6 Nf6 28. h3 Rf8 29. Qd1 Rfg8 30. Bxg8 Kxg8 31. Qe1 Qd7 32. Qxh4 Qe6 33. Rh2 Nf5 34. Qg5 Kf7 35. b4 Nh7 36. Qd8 Nf6 37. Qc7+ Kg8 38. Qb8+ Kh7 39. Qe5 Qf7 40. h4 Nd7 41. Qc7 Kg8 42. h5 Qf6 43. Qc8+ Nf8 44. Rxg6 Rxg6 45. hxg6 Ne7 46. Qe8 Nexg6 47. Rg2 Qf7 48. Qxf7+ Kxf7 49. Ng3 Nh4 50. Rh2 Nf3 51. Rh6 Ng6 52. Rh7+ Kf6 53. Ra7 Nxf4 54. exf4 Nxd4 55. Rxa6 Ke6 56. Kg2 Kd7 57. f5 e3 58. Ra7+ Kc8 59. Re7 Nc2 60. f6 Kd8 61. Nf5 d4 62. f7 Ne1+ 63. Kh3 1-0